Rozpočet obce a vyššieho územného celku

Salvato in:
Dettagli Bibliografici
Autore principale: Konečná Veverková, Ingrid
Natura: Libro
Lingua:slovacco
Pubblicazione: Bratislava Wolters Kluwer SR 2023
Edizione:2. vydanie
Soggetti:
Tags: Aggiungi Tag
Nessun Tag, puoi essere il primo ad aggiungerne!!

MARC

LEADER 00000nam a2200000 4500
001 0296443
005 20240416114211.1
020 |a 978-80-571-0563-3 
041 0 |a slo 
044 |a SK 
245 1 0 |a Rozpočet obce a vyššieho územného celku  |c Ingrid Konečná Veverková 
250 |a 2. vydanie 
264 1 |a Bratislava  |b Wolters Kluwer SR  |c 2023 
300 |a 149 s. 
610 2 0 |a obce 
610 2 0 |a vyššie územné celky 
610 2 0 |a samospráva 
610 2 0 |a rozpočty verejné 
610 2 0 |a pravidlá rozpočtové 
610 2 0 |a vzťahy finančné 
610 2 0 |a kontrola verejná 
610 2 0 |a kontrola finančná 
100 1 |a Konečná Veverková, Ingrid